000 00436nam a2200181Ia 4500
008 230711s9999||||xx |||||||||||||| ||und||
020 _a978-81-312-4904-8
041 _aENG
082 _a616.07
_bKU-B
100 _aKumar,Vinay
245 0 _aRobbins Basic Pathology
250 _a1st Ed.
260 _c2018
_aNew York
_bElsevier Science Publishers
300 _a935p.
650 _aPharmacy
700 _aAbbas,Abul K
942 _cBK
999 _c7275
_d7275